Gender in the workplace : a case study approach (Record no. 192242)

MARC details
000 -LEADER
fixed length control field 00771nam a2200229Ia 4500
008 - FIXED-LENGTH DATA ELEMENTS--GENERAL INFORMATION
fixed length control field 191130s2007##################000#0#eng##
020 ## - INTERNATIONAL STANDARD BOOK NUMBER
ISBN 9781412928175
082 ## - DEWEY DECIMAL CLASSIFICATION NUMBER
Classification number 306.36150973 DEL
100 ## - MAIN ENTRY--AUTHOR NAME
Personal name DeLaat, Jacqueline
245 ## - TITLE STATEMENT
Title Gender in the workplace : a case study approach
Statement of responsibility, etc Jacqueline DeLaat
250 ## - EDITION STATEMENT
Edition statement 2nd ed
260 ## - PUBLICATION, DISTRIBUTION, ETC. (IMPRINT)
Place of publication Thousand Oaks, CA
Name of publisher SAGE Publications
Year of publication c2007
300 ## - PHYSICAL DESCRIPTION
Number of Pages xxvii, 109 p. ; 23 cm
500 ## - GENERAL NOTE
General note Includes bibliographical references
650 ## - SUBJECT ADDED ENTRY--TOPICAL TERM
Topical Term Sex discrimination in employment - United States - Case studies
Topical Term Sex role in the work environment - United States - Case studies
991 ## -
-- 225897
Holdings
Withdrawn status Lost status Damaged status Not for loan Home library Current library Shelving location Date acquired Full call number Accession Number Price effective from Koha item type
        Anna Centenary Library Anna Centenary Library 3RD FLOOR, B WING 13.10.2020 306.36150973 DEL 160018 13.10.2020 English Books

Find us on the map